Emile, Julie and other writings

Salvato in:
Dettagli Bibliografici
Autore principale: Rousseau, Jean Jacques
Natura: Libro
Lingua:Undetermined
Pubblicazione: New York, Estados Unidos Barron´s Educational 1964
Soggetti:
Tags: Aggiungi Tag
Nessun Tag, puoi essere il primo ad aggiungerne!!

MARC

LEADER 00000nam a2200000Ia 4500
008 170316s9999 xx 000 0 und d
090 |a 100 R-41ej 
100 |a Rousseau, Jean Jacques 
245 |a Emile, Julie and other writings 
260 |a New York, Estados Unidos 
260 |b Barron´s Educational 
260 |c 1964 
300 |a 278 páginas 
650 |a FILOSOFÍA 
999 |c 17481  |d 17481 
040 |a cru BVZT 
942 |c 15 D  |h 100 R-41ej  |2 z